000 01085nam a22003377a 4500
003 CHAP
005 20220329134027.0
008 971013s1977 r 00010 d
010 _a14311
011 _a15283
035 _a19358
040 _cCHAP
082 _a574.193
_bB4Y
100 0 0 _aBender, Myron L.
_911542
245 _aCatálisis y acción enzimática
260 _aBarcelona :
_bReverté,
_c1977
300 _a199 p.
_b: ilus. ; gráfs.
590 _aBATCH-UPD
_b10
_c20130110
_lUCH01
_h1402
590 _aBATCH-UPD
_b10
_c20130410
_lUCH01
_h0853
590 _aBATCH-UPD
_b10
_c20130914
_lUCH01
_h0621
590 _aCONVERSION
_b10
_c20130109
_lUCH01
_h1309
650 1 4 _aBioquímica.
_912849
650 1 4 _aCatálisis.
_920522
650 1 4 _aEnzimas.
_937195
650 1 4 _aFisicoquímica.
_941125
700 0 _aBrubacher, Lewis J.
_915722
901 _aBK
942 _cLIBRO
949 _a574.193 B4Y
_bBC
_cLIBRO
_d33724000428892
_eLIBRO
_gI. 126146
_h65511
_i19358
_si
_t3.36
949 _a574.193 B4Y
_bBC
_cLIBRO
_d33724000736781
_eLIBRO
_fc.2
_gI. 198996
_h96325
_i19358
_si
_t$226.00
999 _c14311
_d14311